006850000a22001690004500090001400000245006700014650002200081650003000103650003200133650004000165041001300205100002900218942001300247773008200260999001500342952015800357 aARb0068210aHow to sample the epiphytic diversity of tropical rain forests14aEpífitas99382514aRiqueza de especies9332614aSistemática vegetal9523414aBosques lluviosos tropicales9938220 aInglés1 aGradstein, S. Rob993826 cARTICULO1 tEcotropica: an International Journal of Tropical Ecology3265h2q59-72d1996 c9773d9773 001040718HEMEROTECAaBogotabBogotad2015-02-27hFuera de circulaciónl0oAR 00682p010997r2015-03-25 00:00:00t1w2015-03-25xDonaciónyARTICULO